Enciclopedia práctica de fotografía

Сохранить в:
Библиографические подробности
Формат:
Язык:испанский
Опубликовано: Pamplona Salvat 1979
Предметы:
Метки: Добавить метку
Нет меток, Требуется 1-ая метка записи!

MARC

LEADER 00000nam a2200000 a 4500
001 UCK1955
003 CL-VaPUC
008 041210e19790000sp |||||||||||||||||spa|d
020 |a 8434539497 
020 |a 8434539500v.1 
020 |a 8434539519v.2 
020 |a 8434539535v.4 
020 |a 8434539543v.5 
020 |a 8434539551v.6 
020 |a 843453956Xv.7 
020 |a 8434539578v.8 
082 0 4 |a 770.3  |b ENC  |2 21 
245 1 0 |a Enciclopedia práctica de fotografía 
300 |a 10 v 
942 |c BK 
945 |d 20041210 00:00:00  |a cmena 
260 |a Pamplona  |b Salvat  |c 1979 
500 |a v.1: a-blan 
500 |a v.2: blan-com 
500 |a v.3: com-dif 
500 |a v.4: dif-fio 
500 |a v.5: fluo-infer 
500 |a v.6: ins-mir 
500 |a v.7: mod-per 
500 |a v.8: pers-ray 
500 |a v.9: ray-son 
500 |a v.10: sop-zoo 
650 0 |a Fotografía  |9 268495 
650 0 |a Enciclopedias  |9 264135 
650 0 |a Artes gráficas  |9 265865 
583 |a last modification  |c 20171212 05:22:36  |k Rodrigo Vera 
999 |c 311693  |d 311691 
952 |0 0  |1 0  |4 0  |6 770_300000000000000_ENC_1979  |7 0  |8 X  |9 381249  |a BIBART  |b BIBART  |d 2019-11-21  |h v.1  |i 4085434  |o 770.3 ENC 1979  |p 4085434  |r 2025-03-13  |w 2019-11-21  |y BK_X  |k ART 
952 |0 0  |1 0  |4 0  |6 770_300000000000000_ENC_1979  |7 0  |8 X  |9 381250  |a BIBART  |b BIBART  |d 2019-11-21  |h v.2  |i 4085442  |o 770.3 ENC 1979  |p 4085442  |r 2025-03-13  |w 2019-11-21  |y BK_X  |k ART 
952 |0 0  |1 0  |4 0  |6 770_300000000000000_ENC_1979  |7 0  |8 X  |9 381251  |a BIBART  |b BIBART  |d 2019-11-21  |h v.3  |i 4085450  |o 770.3 ENC 1979  |p 4085450  |r 2025-03-13  |w 2019-11-21  |y BK_X  |k ART 
952 |0 0  |1 0  |4 0  |6 770_300000000000000_ENC_1979  |7 0  |8 X  |9 381252  |a BIBART  |b BIBART  |d 2019-11-21  |h v.4  |i 4085469  |o 770.3 ENC 1979  |p 4085469  |r 2025-03-13  |w 2019-11-21  |y BK_X  |k ART 
952 |0 0  |1 0  |4 0  |6 770_300000000000000_ENC_1979  |7 0  |8 X  |9 381253  |a BIBART  |b BIBART  |d 2019-11-21  |h v.5  |i 4085477  |l 1  |o 770.3 ENC 1979  |p 4085477  |r 2025-03-13  |s 2022-04-04  |w 2019-11-21  |y BK_X  |k ART 
952 |0 0  |1 0  |4 0  |6 770_300000000000000_ENC_1979  |7 0  |8 X  |9 381254  |a BIBART  |b BIBART  |d 2019-11-21  |h v.6  |i 4085485  |o 770.3 ENC 1979  |p 4085485  |r 2025-03-13  |w 2019-11-21  |y BK_X  |k ART 
952 |0 0  |1 0  |4 0  |6 770_300000000000000_ENC_1979  |7 0  |8 X  |9 381255  |a BIBART  |b BIBART  |d 2019-11-21  |h v.7  |i 4085493  |o 770.3 ENC 1979  |p 4085493  |r 2025-03-13  |w 2019-11-21  |y BK_X  |k ART 
952 |0 0  |1 0  |4 0  |6 770_300000000000000_ENC_1979  |7 0  |8 X  |9 381256  |a BIBART  |b BIBART  |d 2019-11-21  |h v.8  |i 4085507  |o 770.3 ENC 1979  |p 4085507  |r 2025-03-13  |w 2019-11-21  |y BK_X  |k ART 
952 |0 0  |1 0  |4 0  |6 770_300000000000000_ENC_1979  |7 0  |8 X  |9 381257  |a BIBART  |b BIBART  |d 2019-11-21  |h v.9  |i 4085515  |o 770.3 ENC 1979  |p 4085515  |r 2025-03-13  |w 2019-11-21  |y BK_X  |k ART 
952 |0 0  |1 0  |4 0  |6 770_300000000000000_ENC_1979  |7 0  |8 X  |9 381258  |a BIBART  |b BIBART  |d 2019-11-21  |h v.10  |i 4085523  |o 770.3 ENC 1979  |p 4085523  |r 2025-03-13  |w 2019-11-21  |y BK_X  |k ART